Taylor Swift - Chansons écrites avec Jack Antonoff - Statistiques

Statistiques générales
  • Ce quiz a été pris 3 fois
  • Le résultat moyen est 31 sur 86
Statistiques - réponses
Albums Chansons % Correct
Red All Too Well (10 Minute Version)
100%
1989 Is It Over Now?
100%
1989 Now That We Don't Talk
100%
1989 Say Don't Go
100%
1989 "Slut!"
100%
1989 Suburban Legends
100%
Midnights Anti-Hero
50%
folklore august
50%
Midnights Bejeweled
50%
folklore betty
50%
Midnights Bigger Than The Whole Sky
50%
The Tortured Poets Department But Daddy I Love Him
50%
Speak Now Castles Crumbling (feat. Hayley Williams)
50%
Lover Cornelia Street
50%
Lover Cruel Summer
50%
Lover Daylight
50%
Fearless Don't You
50%
The Tortured Poets Department Down Bad
50%
Lover False God
50%
The Tortured Poets Department Florida!!! (feat. Florence and the Machine)
50%
The Tortured Poets Department Fortnight (feat. Post Malone)
50%
Reputation Getaway Car
50%
evermore gold rush
50%
Midnights Hits Different
50%
The Tortured Poets Department I Can Do It With a Broken Heart
50%
Speak Now I Can See You
50%
Singles I Knew It, I Knew You
50%
Midnights Karma
50%
Midnights Labyrinth
50%
Midnights Lavender Haze
50%
Lover London Boy
50%
Reputation Look What You Made Me Do
50%
Lover Lover
50%
Midnights Mastermind
50%
Midnights Midnight Rain
50%
Fearless Mr. Perfectly Fine
50%
The Tortured Poets Department My Boy Only Breaks His Favorite Toys
50%
Reputation New Year's Day
50%
Midnights Paris
50%
Midnights Question...?
50%
1989 Sweeter Than Fiction
50%
Singles Sweeter Than Fiction
50%
Fearless That's When (feat. Keith Urban)
50%
folklore the 1
50%
The Tortured Poets Department The Alchemy
50%
Lover The Archer
50%
The Tortured Poets Department The Black Dog
50%
The Tortured Poets Department The Tortured Poets Department
50%
folklore this is me trying
50%
Reputation This is Why We Can't Have Nice Things
50%
Speak Now Timeless
50%
Collaborations us. de Gracie Abrams
50%
Midnights Vigilante Shit
50%
The Tortured Poets Department Who's Afraid of Little Old Me?
50%
1989 You Are In Love
50%
Midnights You're Losing Me
50%
Red Babe
0%
Collaborations Babe de Sugarland
0%
Fearless Bye Bye Baby
0%
Reputation Call It What You Want
0%
Midnights Dear Reader
0%
Lover Death By a Thousand Cuts
0%
Reputation Dress
0%
Red Forever Winter
0%
The Tortured Poets Department Fresh Out the Slammer
0%
Midnights Glitch
0%
The Tortured Poets Department Guilty as Sin
0%
The Tortured Poets Department I Can Fix Him (No Really I Can)
0%
Collaborations I Don't Wanna Live Forever de ZAYN
0%
folklore illicit affairs
0%
The Tortured Poets Department I Look In People's Windows
0%
The Tortured Poets Department imgonnagetyouback
0%
Lover I Think He Knows
0%
evermore ivy
0%
1989 I Wish You Would
0%
Midnights Maroon
0%
folklore mirrorball
0%
1989 Out Of The Woods
0%
Lover Paper Rings
0%
Midnights Snow on the Beach (feat. Lana Del Ray)
0%
Lover Soon You'll Get Better (feat. Dixie Chicks)
0%
Midnights Sweet Nothing
0%
The Tortured Poets Department thanK you AImee
0%
Midnights The Great War
0%
folklore the lakes
0%
Midnights You're on Your Own, Kid
0%
Aucun quiz correspondant
Distribution des résultats
% des personnes avec chaque résultat
Percentile par nombre de réponses
Votre historique - résultats
Vous n’avez pas pris ce quiz